Normal view MARC view
  • Candela Rodríguez, Boris Fernando

Entry Nombre Personal

Number of records used in: 3

001 - NUMERO DE CONTROL

  • campo de control: 55651

003 - IDENTIFICADOR DE NUMERO DE CONTROL

  • campo de control: DLC

005 - FECHA Y HORA DE LA ÜLTIMA TRANSACCIÓN

  • campo de control: 20250923122914.0

008 - DATOS DE LONGITUD FIJA

  • campo de control de longitud fija: 220703nn acnnnaabn |a aaa c

010 ## - NÚMERO DE CONTROL DE LA BIBLIOTECA DEL CONGRESO

  • Número de control LC: no2022081368

024 ## - OTROS IDENTIFICADORES NORMALIZADOS

  • Número normalizado o código: https://orcid.org/0000-0002-5833-1975

035 ## - NUMERO DE CONTROL

  • Número de control: (OCoLC)oca14637902

040 ## - FUENTE DE CATALOGACIÓN

  • Agencia original de catalogación: NyNyDIG
  • Lenguaje de catalogación: spa
  • Description conventions: rda
  • Agencia de transcripción: NyNyDIG
  • Agencia que lo modifica: MX-MxUPN

100 1# - ENCABEZAMIENTO - NOMBRE PERSONAL

  • Nombre personal: Candela Rodríguez, Boris Fernando

370 ## - LUGAR ASOCIADO

  • Associated country: Colombia

371 ## - DIRECCIÓN

  • Electronic mail address: boris.candela@correounivalle.edu.co

373 ## - GRUPO ASOCIADO

  • Associated group: Universidad del Valle
  • Fuente del término: naf
  • Start period: 2011

373 ## - GRUPO ASOCIADO

  • Associated group: Universidad Nacional de Colombia. Sede Palmira

374 ## - OCUPACIÓN

  • Occupation: Profesor - investigador universitario

377 ## - LENGUA ASOCIADA

  • Language code: spa

400 1# - VEÁSE - NOMBRE DE PERSONA

  • Personal name: Rodríguez, Boris Fernando Candela

400 1# - VEÁSE - NOMBRE DE PERSONA

  • Personal name: Candela, Boris Fernando

670 ## - FUENTE EN LA QUE SE LOCALIZARON DATOS

  • Cita de la fuente: Integrando las TIC a la escuela de la sociedad del conocimiento, 2020:
  • Información localizada: portada (Boris Fernando Candela Rodríguez)

670 ## - FUENTE EN LA QUE SE LOCALIZARON DATOS

  • Cita de la fuente: Aprendiendo a enseñar química, 2017 :
  • Información localizada: portada (Boris Fernando Candela)

670 ## - FUENTE EN LA QUE SE LOCALIZARON DATOS

  • Cita de la fuente: En recurso en línea: Praxis: revista de la Facultad de Ciencias de la Educación, Vol. 21, no. 1 (2025)
  • Información localizada: Información complementaria
  • Enlace: https://revistas.unimagdalena.edu.co/index.php/praxis/article/view/5916/5514

902 ## - CATALOGADOR

  • Catalogador: VíctorGodínez/280225

902 ## - CATALOGADOR

  • Catalogador: Leonor Sotres/230925